000 00550nam a22002057a 4500
003 OSt
005 20140310182837.0
008 130607t xxu||||| |||| 00| 0 eng d
020 _a0028028333
050 _aTX 7816
_b.M262 1999
082 _aM 621.3515
_bM29 1999
245 _aElectronic principles /
_cMalvino, Albert Paul
260 _aNew York :
_bGlencoe McGraw-Hill,
_c1999
300 _axi, 1012 p. :
_bill. ;
_c26 cm.
521 _acollege students
526 _c1210l-1700L
541 _j1
562 _e1
942 _2lcc
_cBK
_kM
999 _c16780
_d16780